| 000 | 01283nam a2200229 a 4500 | ||
|---|---|---|---|
| 008 | 100119s2008 ||||||||||||||||| || u | ||
| 020 | _a9781599048574 | ||
| 050 | _aJF 1525.A8 Han | ||
| 100 | _aGarson, G. David | ||
| 245 | 1 | 0 |
_aHandbook of research on Public information technology.-- volumes I & II _c[edited by] G. David Garson, Mehdi, Khosrow-Pour |
| 260 |
_aHershey, PA _bInformation Science Reference _c2008 |
||
| 300 | _a2 volume : illustrations | ||
| 350 | _a0.00 | ||
| 500 | _avolume I: E-government and e-commerce; privacy, access, ethics and theory; security and protection. Volume II: System design and data processing; project management and IT evaluation; selected readings | ||
| 650 | _aPUBLIC ADMINISTRATION--DATA PROCESSING--MANAGEMENT | ||
| 650 | _aINFORMATION TECHNOLOGY--MANAGEMENT | ||
| 650 | _aADMINISTRATION | ||
| 650 | _aINTERNET IN PUBLIC ADMINSTRATION | ||
| 700 | _aKhosrow-Pour, Mehdi, 1951- | ||
| 995 |
_aANNEX COLLECTION (Main Library) _D0.00 _e740858 _FCBU-MAIN LIBRARY (Kitwe) _H1 _I0.00 _jJF 1525.A8 HAN _M1 _UAVAILABLE _WMar 16, 2010 _y740858 _ZAnnex Low-Usage Collection |
||
| 995 |
_aMAIN LIBRARY OPEN ACCESS _D0.00 _e740859 _FCBU-MAIN LIBRARY (Kitwe) _H1 _I0.00 _jJF 1525.A8 HAN _M2 _UAVAILABLE _WMar 16, 2010 _y740859 _ZMain Library Open Access Collection |
||
| 999 |
_c76109 _d76109 |
||